Enjoying where you are on the way to where you are going. (Record no. 12693)

000 -LEADER
fixed length control field 00830nam a2200217 a 4500
001 - CONTROL NUMBER
control field :::00010507$&:&@@
003 - CONTROL NUMBER IDENTIFIER
control field OkBaRHE
005 - DATE AND TIME OF LATEST TRANSACTION
control field 20110922140644.0
008 - FIXED-LENGTH DATA ELEMENTS--GENERAL INFORMATION
fixed length control field s1996 g 000 0 eng u
020 ## - INTERNATIONAL STANDARD BOOK NUMBER
International Standard Book Number 0892749482
040 ## - CATALOGING SOURCE
Transcribing agency
100 1# - MAIN ENTRY--PERSONAL NAME
Personal name Meyer, Joyce, 1943-
9 (RLIN) 860
245 10 - TITLE STATEMENT
Title Enjoying where you are on the way to where you are going.
260 ## - PUBLICATION, DISTRIBUTION, ETC. (IMPRINT)
Place of publication, distribution, etc Tulsa, OK., : Harrison House
Date of publication, distribution, etc 1996
300 ## - PHYSICAL DESCRIPTION
Extent 210 p. ;
Dimensions ; 21 cm.
650 ## - SUBJECT ADDED ENTRY--TOPICAL TERM
Topical term or geographic name as entry element Christian Life.
942 ## - ADDED ENTRY ELEMENTS (KOHA)
Source of classification or shelving scheme
Koha item type Books
Copies
Lost status Date checked out Full call number Date last seen Shelving location Copy number Withdrawn status Permanent Location Price effective from Source of classification or shelving scheme Total Checkouts Date acquired Current Location Not for loan Koha item type Barcode Damaged status
  BV 4501 .M42010-04-14General Stacks1 RHEMA Bible Training College2010-04-14  2010-04-14  Books10507 
  BV 4501 .M42011-09-13General Stacks2 RHEMA Bible Training College2011-09-13  2011-09-13RHEMA Bible Training College Books10508 
 2015-06-04BV 4501 .M42015-06-09General Stacks3 RHEMA Bible Training College2011-09-13 12011-09-13RHEMA Bible Training College Books22076